000
00312nam a22001457a 4500
003
SGT
020
_a
818579007-8
082
_a
615.19
_b
P18K
100
_a
KASTURE, A.V.
245
_a
PHARMACEUTICAL ANALYSIS
260
_a
DELHI
_b
NIRALI PUB
_c
2017
300
_a
21.6
650
_a
PHARMACY
942
_2
ddc
_c
BK
_0
43
999
_c
15526
_d
15526